| Registos Bibliográficos associados ao registo de autoridade |
|
Etiqueta de registo: 00254nam 2200025 450 001 2284406 003 http://id.bnportugal.gov.pt/bib/catbnp/2284406 100 ## $a20260414d2025 k y0pory01030103ba 101 0# $aeng$dpor 102 ## $aPT 105 ## $aa m 000yy 106 ## $ar 200 1# $aIntegrating multi-modal molecular data for tissue characterization$ecomparative evaluation and applications$fRogério Ribeiro$gsupervisor Pedro G. Ferreira 210 #9 $aPorto$c[s.n.],$d2025 215 ## $aXIII, [3], 197 p.$cil.$d30 cm 300 ## $aAcesso não autorizado pelo período de 1 ano 328 #1 $aTese dout. Computer Science, Faculdade de Ciências, Universidade do Porto, 2025 675 ## $a004.42(043)$vBN$zpor$3793077 675 ## $a004.9(043)$vBN$zpor$3788403 700 #1 $95$aRibeiro,$bRogério$31995713 702 #1 $aFerreira,$bPedro Gabriel Dias$4727$31387198 801 #0 $aPT$bBN$gRPC 966 ## $lBN$mFGMON$sP. 72593 V.$x1 971 ## $cssilva$d20260414 972 ## $e0$z0$d20260429$vasantos 973 ## $cigoulao$d20260421
|
|
|